Everyday consumer English

Salvato in:
Dettagli Bibliografici
Natura: Libro
Pubblicazione: 2005
Tags: Aggiungi Tag
Nessun Tag, puoi essere il primo ad aggiungerne! !
Thư viện lưu trữ: Mạng thư viện Đại học Đà Nẵng
LEADER 00437nam a22001811a 4500
001 000037494
003 13789
005 20160412020351.0
008 160412s2005 000
082 |a 4A(07)745-47 
245 |a Everyday consumer English  |c Julie Weissman 
260 |c 2005 
OWN |a LNN 
999 |a From the UDN01 
TYP |a Monograph 
980 |a Mạng thư viện Đại học Đà Nẵng